02008nam a2200385 a 4500001001200000003000800012006001900020007001500039008004100054010001700095020004200112040002100154035002100175043002100196050002100217082001600238100004800254245010900302260003800411300001500449490006100464504005100525505047200576533015201048630003101200650001201231650003401243651005301277651004101330655002901371710001701400830006201417856012601479999001701605ebr10270737CaPaEBRm u cr cn|||||||||070925s2007 ne sb 001 0 eng d z 2007039681 z9789004162518 (hardback : alk. paper) aCaPaEBRcCaPaEBR a(OCoLC)646788959 ae-be---ae-sp---14aBS1b.W55 2007eb04a220.5/12221 aWilkinson, Robert J.q(Robert John),d1955-14aThe Kabbalistic scholars of the Antwerp Polyglot Bibleh[electronic resource] /cby Robert J. Wilkinson. aLeiden ;aBoston :bBrill,c2007. axi, 141 p.1 aStudies in the history of Christian traditions ;vv. 138 aIncludes bibliographical references and index.0 aThe Spanish tradition : the notion of a Polyglot -- The Spanish tradition : Hebrew studies and Kabbalistic influence -- The Northern scholars : Masius -- The Northern scholars : the role of Postel in the Antwerp Polyglot -- The Northern scholars : Guy Lefevre de la Boderie -- Plantin and the Antwerp Project -- The Polyglot : the Syriac New Testament and associated Kabbalistic material -- The Polyglot : the Censura -- The 1584 Paris Syriac New Testament -- Finale. aElectronic reproduction.bPalo Alto, Calif. :cebrary,d2011.nAvailable via World Wide Web.nAccess may be limited to ebrary affiliated libraries.00aBible.lPolyglotxHistory. 0aCabala. 0aChurch historyy16th century. 0aAntwerp (Belgium)xChurch historyy16th century. 0aSpainxChurch historyy16th century. 7aElectronic books.2local2 aebrary, Inc. 0aStudies in the history of Christian traditions ;vv. 138.40uhttp://site.ebrary.com/lib/rucke/Doc?id=10270737zAn electronic book accessible through the World Wide Web; click to view c22721d22721